Mathematiques et art
Αποθηκεύτηκε σε:
| Άλλοι συγγραφείς: | |
|---|---|
| Μορφή: | Βιβλίο |
| Γλώσσα: | French |
| Δημοσίευση: |
Paris :
Hermann,
1995
|
| Θέματα: | |
| Ετικέτες: |
Προσθήκη ετικέτας
Δεν υπάρχουν, Καταχωρήστε ετικέτα πρώτοι!
|
MARC
| LEADER | 00000nam a2200000 i 4500 | ||
|---|---|---|---|
| 001 | 1/87419 | ||
| 008 | 990723s1995 fre d | ||
| 020 | |a 2-7056-6254-5 | ||
| 035 | |l 10052292 | ||
| 040 | |a GR-MY-UA |b gre |e aacr | ||
| 041 | 0 | |a fre | |
| 082 | 0 | |a 700.151 | |
| 245 | 1 | 0 | |a Mathematiques et art / |c sous la direction de Maurice Loi |
| 260 | |a Paris : |b Hermann, |c 1995 | ||
| 300 | |a 249 p. | ||
| 650 | 0 | 0 | |a Arts |x Mathematics |x Congresses. |
| 700 | 1 | |a Loi, Maurice. |4 drt | |
| 852 | |a INST |b RHODES |e 19990723 |h 700.151 MAT |p 005400015241 |q 005400015241 |t BK |y 0 | ||
| 901 | |a BIBL4-1999-2 | ||
| 909 | |a Ρ |b 064961 | ||
| 922 | |a 4ΕΛΗ |b 199903 |c ΚΠΣ/154 |d LEADER | ||
| 970 | |z 1999/07/23 |a ΚΟΥΛΑΚΙΟΤΗ |b ΛΙΤΣΑ | ||